| 000 | 00370cam a22001217a 4500 | ||
|---|---|---|---|
| 008 | 180718b1985 xxu||||| |||| 00| 0 eng d | ||
| 082 | _aB1243x54 En33i | ||
| 100 | _aEngineer, Asghar Ali | ||
| 245 |
_aIndian Muslims: a study of the minority problems in India _cby Asghar Ali Engineer |
||
| 260 |
_aDelhi _bAjanta _c1985 |
||
| 300 | _a344p. | ||
| 650 | _aMohammedans in India | ||
| 999 |
_c344291 _d344291 |
||